00757cam a2200253 a 450000100090000000300040000900500170001300800410003001000170007102000150008802000180010302500240012103700630014504000140020804200100022205000240023208200180025610000200027424500450029426000460033930000210038550400560040665000410046214196230OSt20200515090746.0051210s2004 ii b 000 0 eng  a 2005389718 a8172315643 a9788172315641 aI-E-2005-389718; 10 bLibrary of Congress -- New Delhi Overseas OfficecRs150.00 aDLCcoclc alcode00aBP189b.S38873 2004 a297.41bSHA/U aShahryar, Aftab10aUnderstanding Sufism /cAftab Shahryar. aNew Delhi :bIslamic Book Service,c2004. a180 p. ;c23 cm. aIncludes bibliographical references (p. [177]-180). 0aHistory & geographyvIslamic History